000 00422nam a2200181Ia 4500
001 25229
005 20260414151136.0
008 260414t2000||||xx |||||||||||||| ||spa||
041 _aESP
082 _a346.4
_bV39
100 _aVelásquez Jaramillo, Luis Guillermo
_eAUT
245 0 _aBienes
_b
260 _c2000
300 _a513 páginas :
_c24 cm.
650 _aDER
654 _aCDE
942 _cLIB
_dJUS
_fJUS
_2ddc
_n
999 _c25229
_d25229